Kültür ve iktidar : (Record no. 71616)
| 000 -BAŞLIK | |
|---|---|
| Sabit Uzunluktaki Kontrol Alanı | 01353nam a22004097a 4500 |
| 001 - KONTROL NUMARASI | |
| Control Dosyası | 0070868 |
| 003 - KONTROL NUMARASI KİMLİĞİ | |
| Kontrol Alanı | KOHA_MİRAKIL |
| 005 - EN SON İŞLEM TARİHİ ve ZAMANI | |
| Kontrol Alanı | 20260207004944.0 |
| 007 - FİZİKSEL TANIM SABİT ALAN - GENEL BİLGİ | |
| Sabit uzunluklu kontrol alanı | ta |
| 008 - SABİT UZUNLUKTAKİ VERİ ÖGELERİ - GENEL BİLGİ | |
| Sabit Alan | 240424b2018 tu |||gr||||#0|||0|tur | |
| 020 ## - ISBN - ULUSLARARASI STANDART KİTAP NUMARASI | |
| Isbn | 9789750509384 |
| 040 ## - KATALOGLAMA KAYNAĞI | |
| Özgün Kataloglama Kurumu | TR-BiSEU |
| Kataloglama Dili | tur |
| Çeviri Kurumu | TR-BiSEU |
| Açıklama Kuralları | rda |
| 041 0# - DİL KODU | |
| Metin ya da ses kaydının dil kodu | tur |
| 044 ## - YAYINLAYAN/ÜRETEN KURULUŞUN ÜLKE KODU | |
| ISO country code | tu |
| 050 ## - SINIFLAMA ve YER NUMARASI | |
| Sınıflama Numarası | HM477.F8 |
| Yer Numarası | S93 2018 |
| 100 1# - KİŞİ ADI | |
| Yazar Adı (Kişi adı) | Swartz, David. |
| 245 1# - ESER ADI BİLDİRİMİ | |
| Başlık | Kültür ve iktidar : |
| Alt Eseradı vb. | Pierre Bourdieu'nün sosyolojisi/ |
| Sorumluluk Bildirimi | David Swartz ; David Swartz ; çeviren Elçin Gen. |
| 250 ## - BASIM BİLDİRİMİ | |
| Basım Bildirimi | 4. baskı |
| 264 #1 - ÜRERİM, YAYIN, DAĞITIM ve TELİF BİLDİRİMİ | |
| Yayın yeri | İstanbul : |
| Yayınlayan | İletişim Yayınları |
| Yayın tarihi | 2018 |
| 300 ## - FİZİKSEL TANIMLAMA | |
| Sayfa, Cilt vb. | 424 sayfa; 20 cm. |
| 336 ## - İÇERİK TÜRÜ | |
| Content type term | metin |
| Content type code | txt |
| Source | rdacontent |
| 337 ## - MEDYA TÜRÜ | |
| Media type term | aracısız |
| Media type code | n |
| Source | rdamedia |
| 338 ## - TAŞIYICI TÜRÜ | |
| Carrier type term | cilt |
| Carrier type code | nc |
| Source | rdacarrier |
| 490 1# - DİZİ BİLDİRİMİ | |
| Dizi Bildirimi | İletişim yayınları ; |
| Cilt Numarası | 1646. |
| 490 1# - DİZİ BİLDİRİMİ | |
| Dizi Bildirimi | Politika dizisi ; |
| Cilt Numarası | 93 |
| 500 ## - GENEL NOT | |
| Genel Not | Özgün eser adı: Culture and power: the sociology of Pierre Bourdieu. |
| 500 ## - GENEL NOT | |
| Genel Not | Kaynakça ve dizin var. |
| 650 #0 - KONU BAŞLIĞI EK GİRİŞ - KONU TERİMİ | |
| Konusal terim veya coğrafi ad | Bourdieu, Pierre, 1930-2002. |
| 9 (RLIN) | 90300 |
| 650 #0 - KONU BAŞLIĞI EK GİRİŞ - KONU TERİMİ | |
| Konusal terim veya coğrafi ad | Sosyoloji--Fransa--Tarih. |
| 9 (RLIN) | 138729 |
| 650 #0 - KONU BAŞLIĞI EK GİRİŞ - KONU TERİMİ | |
| Konusal terim veya coğrafi ad | Sosyoloji--Metodoloji. |
| 9 (RLIN) | 41971 |
| 650 #0 - KONU BAŞLIĞI EK GİRİŞ - KONU TERİMİ | |
| Konusal terim veya coğrafi ad | Sociology--France--History. |
| 9 (RLIN) | 57525 |
| 650 #0 - KONU BAŞLIĞI EK GİRİŞ - KONU TERİMİ | |
| Konusal terim veya coğrafi ad | Sociology--Methodology. |
| 9 (RLIN) | 4612 |
| 830 1# - SERİ EK GİRİŞİ - TEKBİÇİM ESER ADI | |
| Tekbiçim Başlık | İletişim yayınları ; |
| Volume number/sequential designation | 1646. |
| 9 (RLIN) | 2528 |
| 830 1# - SERİ EK GİRİŞİ - TEKBİÇİM ESER ADI | |
| Tekbiçim Başlık | Politika dizisi ; |
| Volume number/sequential designation | 93 |
| 9 (RLIN) | 9102 |
| 907 ## - LOCAL DATA ELEMENT G, LDG (RLIN) | |
| a | Sosyoloji |
| 942 ## - EK GİRİŞ ÖGELERİ (KOHA) | |
| Source of classification or shelving scheme | Library of Congress Classification |
| Koha item type | Book |
| Materyal Türü | Kalıcı Konum | Mevcut Konum | Raf Yeri | Sınıflandırma Kaynağı | Edinim Bilgisi | Ana Konular | Alt Konular | Yer Numarası | Demirbaş Numarası | Fatura Tarihi | Geri Çekilme Durumu | Kayıp Durumu | Hasarlı Durumu | Kredi için değil | Kayıt Tarih | Toplam Ödünçverme | Son Görülme Tarihi | Son Kontrol Tarihi | Genel / Bağış Notu |
|---|---|---|---|---|---|---|---|---|---|---|---|---|---|---|---|---|---|---|---|
| Book | Prof. Dr. Azmi Özcan Kütüphanesi | Prof. Dr. Azmi Özcan Kütüphanesi | Uluğbey Salonu | Library of Congress Classification | Bağış | SOSYAL BİLİMLER | Sosyoloji (Genel) | HM477.F8 S93 2018 | 0070868 | 02/02/2026 | 24/04/2024 | 17/03/2025 | 17/03/2025 | Genel Bağış |
